000 00258nam a22001217a 4500
008 181106b xxu||||| |||| 00| 0 eng d
041 _aeng
080 _26th
_a612.39
100 _a10
101 _aNUT
245 _aNutrition
_cChaney,M.S
942 _2udc
_cBK
999 _c51944
_d51944